000 00878cam a2200253 4500
008 000000n2002 000 0 eng u
020 _a1860815413
035 _a(Sirsi) u119800
041 _aeng
050 _a690.16
100 _aEllis, B.R.
110 _aBuilding Research Establishment
245 _aLoads generated by jumping crowds: experimental assessment
260 _aLondon
_bCRC Ltd
_c2002
300 _a12p.
_bill.
_c30cm.
490 _aBRE Information Paper
_v4/02
520 _aDescribes an experimental investigation to determine the dynamic loads produced by groups of up to 64 people jumping in time to a musical beat.
650 _aLOADS
650 _aBUILT ENVIRONMENT-BUILDING ELEMENTS-COMPLETE BUILDING ELEMENTS-FLOORS
650 _aFLOOR LOAD CAPACITY
690 _aBUILT ENVIRONMENT-CONSTRUCTION DESIGN
700 _aJi, T.
942 _n0
999 _c102402
_d102402